000 00660nam a2200229Ia 4500
003 OSt
005 20220923221727.0
006 a|||||r|||| 00| 0
007 ta
008 220922b |||||||| |||| 00| 0 hin d
024 _a199,617
037 _cTextual
040 _aARTS
_cARTS
_bhin
041 _2hin
_ahin
082 _aQ2:332x, 152K6
100 _aगरीब दास
245 0 _aग्रंथ साहिब
246 _aGrantha sāhiba
260 _aहरिद्धार
_b गरीबासीय आश्रम
_c1966
942 _hQ2:332x, 152K6
_cTEXL
_2CC
999 _c351356
_d351356